LEADER 01085nam a2200241 i 4500 001 000000014837 003 CaOOAMICUS 005 20240201122331.0 008 180830s18291830it u000 u ita u 040 $aSeMil$bita 100 0 $aAmmianus Marcellinus,$d.$0(OLS)http://semarc/name/89951 240 10$aRerum gestarum libri.$0(OLS)http://semarc/title/401559 245 13$aLe storie di Ammiano Marcellino tradotte da Francesco Ambrosoli con note. Vol. 1. [-2.]. 260 $aMilano :$bPer Antonio Fontana,$c1829-1830. 300 $a2 v. ;$c8°. 490 1 $aBiblioteca storica di tutte le nazioni 700 1 $aAmbrosoli, Francesco,$d<1797-1868>.$0(OLS)http://semarc/name/6836 774 0 $tVol. 1.$g1$w()100275 774 0 $tVol. 2.$g2$w()258181 830 0$aBiblioteca storica di tutte le nazioni.$0(OLS)http://semarc/title/41888 996 $6245$aLe storie di Ammiano Marcellino tradotte da Francesco Ambrosoli con note. Vol. 1. [-2.]$9(OLS)http://semarc/title/401558 996 $6260$aMilano :$bPer Antonio Fontana$9(OLS)http://semarc/publisher/35032 LEADER 01190nam a2200277 i 4500 001 000000078410 003 CaOOAMICUS 005 20161019000000.0 008 161019s1974 it u000 u ita u 013 $a50647 040 $aSeMil$bita 100 1 $aLibanio Christo, Carlos Alberto,$d<1944- >.$0(OLS)http://semarc/name/90444 240 10$aNovena da festa de Sao Domingos, Padroeiro de Araxa.$0(OLS)http://semarc/title/126789 245 10$aNovena di S.Domenico /$cCarlos Alberto Libanio Christo (fr. Betto) 260 $aBrescia :$bQueriniana,$c1974. 300 $a80 p. ;$c21 cm. 490 0 $aMeditazioni ;$v10 600 04$aDomenico : di Guzmán .$0(OLS)http://semarc/subject/3710 650 4$aAgiografia.$0(OLS)http://semarc/subject/327 650 4$aMeditazioni.$0(OLS)http://semarc/subject/1352 830 0$aMeditazioni ;$v10.$0(OLS)http://semarc/title/6156 850 $aSeMil 852 $aSeMil$W1$xVenegono$y1$m3F V 114$j44340$B44340$CSeMilBibl$Z2$F46006 $81 961 $aRecupero: Seminario di Seveso 996 $6245$aNovena di S.Domenico$9(OLS)http://semarc/title/126788 996 $6260$aBrescia :$bQueriniana$9(OLS)http://semarc/publisher/29615